Geocomputation with R

Guardado en:
Detalles Bibliográficos
Autor principal: Lovelace, Robin
Otros Autores: Nowosad, Jakub, Muenchow, Jannes
Formato: Libro
Lenguaje:inglés
Publicado: Boca Raton CRC Press/Taylor & Francis Group 2025
Edición:2nd Edition
Materias:
Etiquetas: Agregar Etiqueta
Sin Etiquetas, Sea el primero en etiquetar este registro!

MARC

LEADER 00000nam a2200000 4500
001 0307467
005 20251104143300.3
020 |a 978-1-032-24888-2 
020 |a 978-1-032-22979-9 
041 0 |a eng 
044 |a US 
245 1 0 |a Geocomputation with R  |c Robin Lovelace, Jakub Nowosad, and Jannes Muenchow 
250 |a 2nd Edition 
264 1 |a Boca Raton  |b CRC Press/Taylor & Francis Group  |c 2025 
300 |a 399 s. 
610 2 0 |a jazyky programovacie 
610 2 0 |a analýza štatistická 
610 2 0 |a systémy informačné geografické 
610 2 0 |a zber dát 
610 2 0 |a spracovanie dát 
610 2 0 |a marketing globálny 
610 2 0 |a marketing územia 
610 2 0 |a geomarketing 
100 1 |a Lovelace, Robin 
700 1 |a Nowosad, Jakub 
700 1 |a Muenchow, Jannes